000 01180nam a2200253Ia 4500
999 _c36929
_d36929
001 2880
003 GE_BSU
005 20190503163009.0
008 181216s1995|||| |||||||||||||| ||geo||
040 _cGE_BSU
041 _ageo
080 _a336.741.21(0765.8)+330.101.54+336.788 კ–37
100 _aკეინსი, ჯონ
_9699
245 _aდასაქმების, პროცენტისა და ფულის ზოგადი თეორია /
_cთარგმნა : რამაზ ნამიჭეიშვილმა; რედ : ელგუჯა თავბერიძე
264 _aქუთაისი :.
_bს/ს,,სტამბა''
_c1995.
300 _a420 გვ ;
_c20 სმ.
541 _h8ლ. 0 თ.
653 _aდასაქმების თეორია
653 _aფულის თეორია
653 _aპროცენტის თეორია
700 _aნამიჭეიშვილი , რამაზ
_eმთარგმნელი
_9700
700 _aთავბერიძე , ელგუჯა
_eრედაქტორი
_9701
942 _cBK
_2udc